000
00269nam a2200109Ia 4500
008
190216s9999||||xx |||||||||||||| ||und||
100
_a
Asish K Bhattchriyya
245
0
_a
Principles And Practice Of Cost Accounting
260
_b
Null
_c
1992
300
_a
887p
942
_c
BK
999
_c
5508
_d
5508